[Event "Canadian op U2000"]
[Site "Montreal"]
[Date "2014.07.20"]
[Round "3"]
[White "Lafleche, Alain"]
[Black "Couture, Alain"]
[Result "0-1"]
[WhiteElo "1702"]
[BlackElo "1830"]
[PlyCount "88"]
[EventDate "2014.07.19"]
[EventType "swiss"]
[EventRounds "9"]
[EventCountry "CAN"]
[SourceTitle "EXT 2022"]
[Source "ChessBase"]
[SourceDate "2021.10.06"]
[SourceVersion "1"]
[SourceVersionDate "2021.10.06"]
[SourceQuality "1"]

1. e4 b6 2. d4 Bb7 3. Nc3 e6 4. Be3 Bb4 5. f3 Nf6 6. Nge2 d5 7. e5 Nfd7 8. a3 Be7 9. Qd2 Ba6 10. 0-0-0 c5 11. f4 Nc6 12. g4 Na5 13. Ng3 Bxf1 14. Rhxf1 Nc4 15. Qf2 0-0 16. Kb1 Nxe3 17. Qxe3 cxd4 18. Qxd4 Bc5 19. Qd3 a6 20. Nh5 Be7 21. Rf3 b5 22. Rh3 g6 23. Ng3 b4 24. axb4 Qb6 25. Na2 Bxb4 26. c3 Be7 27. Re1 Rab8 28. Re2 Nc5 29. Qc2 Rfc8 30. f5 Nb3 31. fxg6 fxg6 32. Rg2 Qe3 33. Re2 Qg1+ 34. Nc1 Bg5 35. Nh5 gxh5 36. gxh5 Qxc1+ 37. Qxc1 Bxc1 38. Rg3+ Kh8 39. Ka2 Bh6 40. Rf2 Rc5 41. Kb1 d4 42. Rf6 dxc3 43. bxc3 Nd4+ 44. Ka2 Ra5# 0-1